Industrial And Applied Mathematics: Recent Trends (Record no. 43428)

MARC details
000 -LEADER
fixed length control field 00439nam a22001697a 4500
005 - DATE AND TIME OF LATEST TRANSACTION
control field 20250327101251.0
008 - FIXED-LENGTH DATA ELEMENTS--GENERAL INFORMATION
fixed length control field 250327b |||||||| |||| 00| 0 eng d
020 ## - INTERNATIONAL STANDARD BOOK NUMBER
International Standard Book Number 9798888365458
041 ## - LANGUAGE CODE
Language code of text/sound track or separate title Eng.
082 ## - DEWEY DECIMAL CLASSIFICATION NUMBER
Classification number 510 PAR
100 ## - MAIN ENTRY--PERSONAL NAME
Author Parrish, Dennis
245 ## - TITLE STATEMENT
Title Industrial And Applied Mathematics: Recent Trends
260 ## - PUBLICATION, DISTRIBUTION, ETC.
Place New York
Publisher Larsen and Keller
Publication Year 2025
300 ## - PHYSICAL DESCRIPTION
Extent 239;. P. 23 cm
650 ## - SUBJECT ADDED ENTRY--TOPICAL TERM
Subject Mathematics
942 ## - ADDED ENTRY ELEMENTS (KOHA)
Koha item type Books
Holdings
Withdrawn status Lost status Source of classification or shelving scheme Damaged status Not for loan Home library Current library Shelving location Accession Date Vendor Price Bill number Full call number Barcode No Date last seen Discount Bill Date Koha item type Suggested By
    Dewey Decimal Classification     IMTN IMTN Rack 17-A 03/24/2025 Raghav Books Private Limited 14352.00 2374 510 PAR 33719 03/27/2025 33 02/14/2025 Books Dr. Veena Pailwar
Designed & Maintained by: LRC IMT Nagpur Contact: lrc@imtnag.ac.in© 2024. All Rights Reserved.